Ord. Min. S. P. N. Francisci Refor. Provinciae SS. Salvat. In Hung.

Zoznam kňazov a bratov laikov v jednotlivých konventoch. Kapláni v službách vojska a pre služby vo Svätej zemi, závery definitórií a konzultória, prípisy provinciála

Podrobná bibliografia
Médium: Rukopis Kniha
Jazyk:latinčina
Fyzický popis:308 nečíslovaných strán rukopis, viazaný, ilustrácia 37 cm
Vydavateľské údaje: [Žilina?] 1784-1814
Predmet:

MARC

LEADER 00000ctmaa2200000 a 4500
001 vtls011598905
003 SK-MaSNL
005 20260301181124.0
008 230802i1784 xo a || 000n0dlat
035 |a urn:nbn:sk:snk-tm00ces4 
035 |a urn:nbn:sk:snk-tm3n2jm 
035 |a 5155239A-9F34-41B9-B628-8BD843FA8981 
040 |a SNKLA  |b slo  |c SNKLA  |e AACR2 
041 0 |a lat 
044 |a xo  |c SK 
072 7 |a 27-78  |x Kresťanské združenia, spolky a organizácie. Rehoľné rády  |2 konspekt 
080 |a 943.76  |2 2011 
080 |a (0.02/.08:2-72)  |2 2011 
080 |a 025.171  |2 2011 
245 0 0 |a Ord. Min. S. P. N. Francisci Refor. Provinciae SS. Salvat. In Hung. 
246 3 3 |a [Stav uhorskej františkánskej Salvatoriánskej provincie] 
260 |a [Žilina?]  |c 1784-1814 
300 |a 308 nečíslovaných strán  |b rukopis, viazaný, ilustrácia  |c 37 cm 
500 |a Dátum v tvare chronogramu: hIC patres sVnt et fresa teMpore taLI qVo tVVs orDo trIas fLebILe fV nVs erat 
520 2 |a Zoznam kňazov a bratov laikov v jednotlivých konventoch. Kapláni v službách vojska a pre služby vo Svätej zemi, závery definitórií a konzultória, prípisy provinciála 
555 0 |a Inventár rukopisov Archívu literatúry a umenia Matice slovenskej. Rukopisy historických knižníc na Slovensku I. Martin : Matica slovenská 1992 
561 |a Okrúhla pečiatka: Bibliotheca Conventus Solnensis O. F. M. Žilina 
610 2 7 |a Františkáni (Žilina, Slovensko)  |b Salvatoriánska provincia  |2 SNKLA  |9 345647 
650 0 7 |a františkánske kláštory  |2 SNKPH  |9 81485 
655 7 |a cirkevné dokumenty  |2 SNKPH  |9 179657 
655 7 |a rukopisy  |2 SNKPH  |9 70548 
852 |a Slovenská národná knižnica  |b Literárny archív 
958 |a ZH 
958 |a LAVD 
999 |c 848827  |d 850757 
952 |a SNKLA  |b SNKLA  |c SNKLA_DEP  |y NEVYP  |7 0  |p 17A1192122  |o snkRHKS 453  |0 0  |1 0  |4 0  |d 2016-12-09  |f 1  |l 0  |r 2026-02-24 04:34:36  |w 2026-02-24